[Event "EUCC 2023 - U12"]
[Site "Kouty nad Desnou"]
[Date "2023.08.23"]
[Round "8.3"]
[White "Tureshbayev, Anuar"]
[Black "Boryna, Szymon"]
[Result "1-0"]
[BlackElo "1428"]
[WhiteElo "1826"]
[LiveChessVersion "1.4.8"]

1. e4 {[%clk 1:30:58]} e6 {[%clk 1:30:54]} 2. d4 {[%clk 1:31:24]} d5
{[%clk 1:31:20]} 3. Nc3 {[%clk 1:31:50]} Nf6 {[%clk 1:31:46]} 4. Bg5
{[%clk 1:32:14]} Bb4 {[%clk 1:32:11]} 5. e5 {[%clk 1:32:39]} h6 {[%clk 1:32:25]}
6. Bd2 {[%clk 1:32:56]} Bxc3 {[%clk 1:32:49]} 7. bxc3 {[%clk 1:33:21]} Ne4
{[%clk 1:33:15]} 8. Qg4 {[%clk 1:33:40]} g6 {[%clk 1:33:34]} 9. Bd3
{[%clk 1:34:03]} Nxd2 {[%clk 1:32:54]} 10. Kxd2 {[%clk 1:34:24]} c5
{[%clk 1:32:41]} 11. Nf3 {[%clk 1:29:49]} c4 {[%clk 1:27:20]} 12. Be2
{[%clk 1:30:06]} Nc6 {[%clk 1:25:57]} 13. a4 {[%clk 1:28:52]} Ne7
{[%clk 1:20:20]} 14. h3 {[%clk 1:25:31]} Nf5 {[%clk 1:15:46]} 15. h4
{[%clk 1:18:51]} Bd7 {[%clk 1:11:27]} 16. Qf4 {[%clk 1:14:57]} Qe7
{[%clk 0:54:28]} 17. h5 {[%clk 1:01:44]} O-O-O {[%clk 0:34:52]} 18. g4
{[%clk 0:52:56]} g5 {[%clk 0:33:22]} 19. Qh2 {[%clk 0:53:19]} Ng7
{[%clk 0:33:41]} 20. a5 {[%clk 0:52:51]} Bc6 {[%clk 0:32:53]} 21. a6
{[%clk 0:51:48]} b6 {[%clk 0:32:36]} 22. Rhb1 {[%clk 0:49:12]} Qc7
{[%clk 0:30:27]} 23. Qg3 {[%clk 0:44:47]} Rhf8 {[%clk 0:22:34]} 24. Nh2
{[%clk 0:36:32]} Ne8 {[%clk 0:19:54]} 25. Rf1 {[%clk 0:31:54]} f6
{[%clk 0:16:41]} 26. f4 {[%clk 0:31:32]} fxe5 {[%clk 0:05:02]} 27. fxg5
{[%clk 0:31:46]} Rxf1 {[%clk 0:04:12]} 28. Rxf1 {[%clk 0:32:11]} hxg5
{[%clk 0:04:20]} 29. Qxe5 {[%clk 0:32:30]} Qxe5 {[%clk 0:04:29]} 30. dxe5
{[%clk 0:32:59]} Rd7 {[%clk 0:04:48]} 31. Rf8 {[%clk 0:32:56]} Rg7
{[%clk 0:04:22]} 32. Nf3 {[%clk 0:32:57]} Kd8 {[%clk 0:04:37]} 33. h6
{[%clk 0:32:34]} Rh7 {[%clk 0:05:02]} 34. Nxg5 {[%clk 0:32:05]} Rxh6
{[%clk 0:05:02]} 35. Nf7+ {[%clk 0:32:30]} Ke7 {[%clk 0:05:31]} 36. Rxe8+
{[%clk 0:32:50]} Kxf7 {[%clk 0:06:00]} 37. Rc8 {[%clk 0:33:09]} Bd7
{[%clk 0:04:36]} 38. Rc7 {[%clk 0:33:30]} Ke7 {[%clk 0:05:03]} 39. Rxa7
{[%clk 0:33:37]} Rh8 {[%clk 0:05:26]} 40. Rb7 {[%clk 0:33:41]} Ra8
{[%clk 0:05:51]} 41. a7 {[%clk 0:33:52]} b5 {[%clk 0:06:04]} 42. g5
{[%clk 0:34:17]} b4 {[%clk 0:06:29]} 43. cxb4 {[%clk 0:34:41]} c3+
{[%clk 0:06:03]} 44. Kd3 {[%clk 0:34:50]} Rf8 {[%clk 0:05:55]} 45. Rb8
{[%clk 0:34:48]} Bc6 {[%clk 0:06:23]} 46. b5 {[%clk 0:35:11]} Ba8
{[%clk 0:06:45]} 47. b6 {[%clk 0:35:34]} 1-0

[Event "EUCC 2023 - U12"]
[Site "Kouty nad Desnou"]
[Date "2023.08.23"]
[Round "8.4"]
[White "Rudlof, Adam"]
[Black "Jakubse, Tamae Severina"]
[Result "1-0"]
[BlackElo "1301"]
[WhiteElo "1641"]
[LiveChessVersion "1.4.8"]

1. e4 {[%clk 1:30:59]} e5 {[%clk 1:30:59]} 2. Nf3 {[%clk 1:31:21]} Nc6
{[%clk 1:31:24]} 3. Bc4 {[%clk 1:31:47]} Bc5 {[%clk 1:31:48]} 4. O-O
{[%clk 1:32:13]} Nf6 {[%clk 1:32:11]} 5. d3 {[%clk 1:32:39]} h6 {[%clk 1:32:36]}
6. c3 {[%clk 1:32:47]} d6 {[%clk 1:32:40]} 7. Nbd2 {[%clk 1:32:13]} Be6
{[%clk 1:32:43]} 8. Bxe6 {[%clk 1:32:26]} fxe6 {[%clk 1:33:06]} 9. b4
{[%clk 1:32:53]} Bb6 {[%clk 1:33:22]} 10. Nc4 {[%clk 1:33:18]} O-O
{[%clk 1:30:45]} 11. a4 {[%clk 1:33:43]} a6 {[%clk 1:29:28]} 12. Nxb6
{[%clk 1:34:07]} cxb6 {[%clk 1:29:50]} 13. Re1 {[%clk 1:29:38]} Ne7
{[%clk 1:21:34]} 14. Qb3 {[%clk 1:28:51]} Qd7 {[%clk 1:21:25]} 15. Be3
{[%clk 1:29:11]} Nc8 {[%clk 1:18:45]} 16. h3 {[%clk 1:22:39]} Nh5
{[%clk 1:11:02]} 17. d4 {[%clk 1:09:50]} exd4 {[%clk 1:05:16]} 18. Nxd4
{[%clk 1:09:29]} Re8 {[%clk 1:01:07]} 19. Rad1 {[%clk 1:06:32]} Kh8
{[%clk 0:56:55]} 20. Nf3 {[%clk 0:58:43]} e5 {[%clk 0:51:28]} 21. Nh4
{[%clk 0:56:29]} b5 {[%clk 0:49:20]} 22. axb5 {[%clk 0:54:10]} Qxb5
{[%clk 0:49:32]} 23. Qf7 {[%clk 0:53:57]} Nf4 {[%clk 0:39:21]} 24. Bxf4
{[%clk 0:53:22]} exf4 {[%clk 0:39:26]} 25. Rd5 {[%clk 0:52:55]} Qc6
{[%clk 0:36:05]} 26. Ng6+ {[%clk 0:51:44]} Kh7 {[%clk 0:36:17]} 27. Nf8+
{[%clk 0:49:09]} Kh8 {[%clk 0:35:03]} 28. Rh5 {[%clk 0:49:00]} d5
{[%clk 0:30:35]} 29. Rxh6+ {[%clk 0:43:29]} Qxh6 {[%clk 0:30:26]} 30. Qxe8
{[%clk 0:43:54]} Nb6 {[%clk 0:27:47]} 31. Qf7 {[%clk 0:43:54]} dxe4
{[%clk 0:16:39]} 32. Rxe4 {[%clk 0:44:02]} Rc8 {[%clk 0:15:35]} 33. Re6
{[%clk 0:44:07]} Qg5 {[%clk 0:14:35]} 34. Rg6 {[%clk 0:44:30]} Qe5
{[%clk 0:14:01]} 35. Rh6+ {[%clk 0:44:50]} gxh6 {[%clk 0:13:41]} 36. Qh7#
{[%clk 0:45:15]} 1-0

[Event "EUCC 2023 - U12"]
[Site "Kouty nad Desnou"]
[Date "2023.08.23"]
[Round "8.5"]
[White "Alcantara, Eliyakim"]
[Black "Popzafirov, Danail"]
[Result "0-1"]
[BlackElo "1885"]
[WhiteElo "1534"]
[LiveChessVersion "1.4.8"]

1. d4 {[%clk 1:30:55]} Nf6 {[%clk 1:30:57]} 2. Nf3 {[%clk 1:31:14]} g6
{[%clk 1:31:14]} 3. e3 {[%clk 1:31:37]} Bg7 {[%clk 1:31:39]} 4. Bd3
{[%clk 1:31:56]} d6 {[%clk 1:32:02]} 5. Nbd2 {[%clk 1:32:19]} O-O
{[%clk 1:32:25]} 6. O-O {[%clk 1:32:44]} Nc6 {[%clk 1:32:32]} 7. Re1
{[%clk 1:31:35]} e5 {[%clk 1:32:47]} 8. c3 {[%clk 1:28:36]} Re8 {[%clk 1:32:35]}
9. e4 {[%clk 1:28:30]} Bg4 {[%clk 1:14:48]} 10. d5 {[%clk 1:27:38]} Ne7
{[%clk 1:13:36]} 11. Qb3 {[%clk 1:27:29]} Qc8 {[%clk 1:13:18]} 12. Be2
{[%clk 1:22:59]} Nd7 {[%clk 1:11:37]} 13. h3 {[%clk 1:23:14]} Bxf3
{[%clk 1:11:59]} 14. Bxf3 {[%clk 1:23:23]} f5 {[%clk 1:10:42]} 15. c4
{[%clk 1:22:36]} f4 {[%clk 1:09:36]} 16. Bg4 {[%clk 1:22:23]} Qd8
{[%clk 1:04:27]} 17. Nf3 {[%clk 1:21:06]} Nc5 {[%clk 1:03:47]} 18. Be6+
{[%clk 1:19:43]} Nxe6 19. dxe6 {[%clk 1:19:57]} b6 {[%clk 0:53:53]} 20. Qc3
{[%clk 1:18:31]} Qc8 {[%clk 0:54:08]} 21. b3 {[%clk 1:15:33]} Qxe6
{[%clk 0:54:09]} 22. Bb2 {[%clk 1:15:19]} a5 {[%clk 0:52:19]} 23. Kh1
{[%clk 1:14:57]} Nc6 {[%clk 0:50:46]} 24. Ng1 {[%clk 1:15:06]} Rf8
{[%clk 0:49:49]} 25. f3 {[%clk 1:14:20]} h5 {[%clk 0:49:40]} 26. Ne2
{[%clk 1:14:13]} g5 {[%clk 0:49:25]} 27. Kg1 {[%clk 1:14:23]} Bf6
{[%clk 0:47:41]} 28. Kf1 {[%clk 1:14:41]} g4 {[%clk 0:48:02]} 29. hxg4
{[%clk 1:15:03]} hxg4 {[%clk 0:48:25]} 30. Ng1 {[%clk 1:15:19]} g3
{[%clk 0:48:10]} 31. Nh3 {[%clk 1:15:36]} Kg7 {[%clk 0:48:32]} 32. Ke2
{[%clk 1:15:48]} Rh8 {[%clk 0:48:49]} 33. Rh1 {[%clk 1:16:08]} Rh4
{[%clk 0:48:43]} 34. Kd2 {[%clk 1:14:58]} Rah8 {[%clk 0:49:03]} 35. a3
{[%clk 1:14:04]} Nd4 {[%clk 0:40:37]} 36. b4 {[%clk 1:14:17]} a4 {[%clk 0:40:59]}
37. Qd3 {[%clk 1:14:25]} Nb3+ {[%clk 0:41:28]} 0-1

[Event "EUCC 2023 - U12"]
[Site "Kouty nad Desnou"]
[Date "2023.08.23"]
[Round "8.6"]
[White "Barteckova, Nikol"]
[Black "Komarek, Tobias"]
[Result "0-1"]
[BlackElo "1633"]
[WhiteElo "1268"]
[LiveChessVersion "1.4.8"]

1. e4 {[%clk 1:30:59]} c5 {[%clk 1:30:54]} 2. Nc3 {[%clk 1:31:22]} Nc6
{[%clk 1:31:02]} 3. f4 {[%clk 1:30:53]} e6 {[%clk 1:30:20]} 4. Nf3
{[%clk 1:28:03]} Nge7 {[%clk 1:25:47]} 5. g3 {[%clk 1:04:16]} d5 {[%clk 1:21:06]}
6. d3 {[%clk 1:04:08]} b6 {[%clk 1:14:39]} 7. Bg2 {[%clk 1:00:50]} Bb7
{[%clk 1:13:51]} 8. O-O {[%clk 1:00:20]} g6 {[%clk 1:10:25]} 9. h3
{[%clk 0:58:21]} Bg7 {[%clk 1:08:14]} 10. a3 {[%clk 0:55:12]} O-O
{[%clk 1:05:18]} 11. g4 {[%clk 0:54:27]} f5 {[%clk 0:57:00]} 12. e5
{[%clk 0:48:40]} fxg4 {[%clk 0:54:09]} 13. hxg4 {[%clk 0:49:00]} d4
{[%clk 0:54:29]} 14. Nb5 {[%clk 0:48:14]} Nc8 {[%clk 0:48:20]} 15. a4
{[%clk 0:47:53]} N6e7 {[%clk 0:40:37]} 16. Bd2 {[%clk 0:43:17]} Nd5
{[%clk 0:36:52]} 17. Ng5 {[%clk 0:40:50]} Qd7 {[%clk 0:35:28]} 18. Ne4
{[%clk 0:40:32]} Rd8 {[%clk 0:25:03]} 19. Nbd6 {[%clk 0:40:15]} Nxd6
{[%clk 0:25:05]} 20. Nxd6 {[%clk 0:39:06]} Bc6 {[%clk 0:21:02]} 21. b3
{[%clk 0:31:09]} Bf8 {[%clk 0:18:39]} 22. Ne4 {[%clk 0:31:07]} Bg7
{[%clk 0:16:18]} 23. Qe1 {[%clk 0:30:39]} Qe7 {[%clk 0:13:46]} 24. Qg3
{[%clk 0:30:37]} Rf8 {[%clk 0:12:55]} 25. Rab1 {[%clk 0:28:54]} a5
{[%clk 0:12:57]} 26. Nd6 {[%clk 0:25:39]} Rad8 {[%clk 0:11:02]} 27. Nc4
{[%clk 0:24:44]} Rb8 {[%clk 0:07:39]} 28. Ra1 {[%clk 0:23:08]} Ba8
{[%clk 0:07:01]} 29. Rf2 {[%clk 0:19:52]} Bh6 {[%clk 0:05:13]} 30. g5
{[%clk 0:19:14]} Bg7 {[%clk 0:05:27]} 31. Re1 {[%clk 0:18:00]} Qc7
{[%clk 0:04:22]} 32. Bh3 {[%clk 0:17:29]} Qe7 {[%clk 0:04:24]} 33. Qg4
{[%clk 0:17:03]} Nc7 {[%clk 0:04:13]} 34. Nd6 {[%clk 0:16:42]} Bd5
{[%clk 0:04:23]} 35. Bg2 {[%clk 0:16:18]} Bxg2 {[%clk 0:04:29]} 36. Rxg2
{[%clk 0:16:13]} Nd5 {[%clk 0:04:50]} 37. Qh4 {[%clk 0:15:59]} Rfd8
{[%clk 0:05:06]} 38. Rh2 {[%clk 0:15:52]} Bh8 {[%clk 0:05:24]} 39. Ne4
{[%clk 0:15:30]} Rf8 {[%clk 0:05:07]} 40. Kg2 {[%clk 0:14:31]} Rfd8
{[%clk 0:05:13]} 41. Reh1 {[%clk 0:14:13]} Rd7 {[%clk 0:05:36]} 42. Qg4
{[%clk 0:13:21]} Qe8 {[%clk 0:05:35]} 43. Nd6 {[%clk 0:13:19]} Rxd6
{[%clk 0:04:38]} 44. exd6 {[%clk 0:13:41]} Rb7 {[%clk 0:04:23]} 45. Re1
{[%clk 0:13:17]} e5 {[%clk 0:03:46]} 46. Qf3 {[%clk 0:11:02]} Qe6
{[%clk 0:03:23]} 47. Rh4 {[%clk 0:09:29]} Rf7 {[%clk 0:03:42]} 48. Qg3
{[%clk 0:09:21]} Qxd6 {[%clk 0:02:09]} 49. fxe5 {[%clk 0:09:39]} Qc6
{[%clk 0:02:32]} 50. Rhe4 {[%clk 0:09:36]} Qe6 {[%clk 0:00:57]} 51. Qg4
{[%clk 0:09:05]} Rf5 {[%clk 0:01:11]} 52. Qh4 {[%clk 0:08:06]} Bxe5
{[%clk 0:00:48]} 53. Rh1 {[%clk 0:08:03]} Qf7 {[%clk 0:01:05]} 54. Qe1
{[%clk 0:06:42]} Bf4 {[%clk 0:00:46]} 55. Rh4 {[%clk 0:05:33]} Be3
{[%clk 0:00:46]} 56. Bxe3 {[%clk 0:03:26]} Nxe3+ {[%clk 0:00:40]} 57. Rxe3
{[%clk 0:03:35]} dxe3 {[%clk 0:01:06]} 58. Qxe3 {[%clk 0:03:54]} Qd5+
{[%clk 0:01:25]} 59. Kh2 {[%clk 0:03:05]} Qe5+ {[%clk 0:01:49]} 60. Qxe5
{[%clk 0:03:09]} Rxe5 {[%clk 0:02:16]} 61. Rg4 {[%clk 0:03:27]} Re2+
{[%clk 0:02:44]} 62. Rg2 {[%clk 0:03:25]} Rxg2+ {[%clk 0:03:07]} 63. Kxg2
{[%clk 0:03:52]} Kg7 {[%clk 0:03:30]} 64. Kg3 {[%clk 0:04:09]} h5
{[%clk 0:03:53]} 65. gxh6+ {[%clk 0:04:07]} Kxh6 {[%clk 0:04:21]} 66. Kh4
{[%clk 0:04:37]} g5+ {[%clk 0:04:31]} 67. Kg4 {[%clk 0:05:00]} Kg6
{[%clk 0:04:58]} 68. c3 {[%clk 0:05:06]} Kf6 {[%clk 0:05:22]} 69. Kg3
{[%clk 0:03:20]} Kf5 {[%clk 0:05:46]} 70. Kf3 {[%clk 0:03:46]} g4+
{[%clk 0:06:10]} 71. Kg3 {[%clk 0:04:07]} Kg5 {[%clk 0:06:14]} 72. Kg2
{[%clk 0:04:24]} Kf4 {[%clk 0:06:39]} 73. Kf2 {[%clk 0:02:10]} g3+
{[%clk 0:06:39]} 74. Ke2 {[%clk 0:01:58]} g2 {[%clk 0:06:49]} 75. Kf2
{[%clk 0:02:22]} g1=Q+ {[%clk 0:07:14]} 76. Kxg1 {[%clk 0:02:40]} Ke3 0-1

[Event "EUCC 2023 - U12"]
[Site "Kouty nad Desnou"]
[Date "2023.08.23"]
[Round "8.7"]
[White "Gailevska, Milana"]
[Black "Nieminen, Oliver"]
[Result "0-1"]
[BlackElo "1574"]
[WhiteElo "1245"]
[LiveChessVersion "1.4.8"]

1. d4 d5 {[%clk 1:30:55]} 2. Nf3 {[%clk 1:31:15]} Nf6 {[%clk 1:31:19]} 3. Bf4
{[%clk 1:31:22]} c5 {[%clk 1:31:37]} 4. c3 {[%clk 1:31:34]} Nc6 {[%clk 1:31:58]}
5. e3 {[%clk 1:31:53]} Qb6 {[%clk 1:32:21]} 6. Qc1 {[%clk 1:31:17]} Nh5
{[%clk 1:31:44]} 7. Bg5 {[%clk 1:31:10]} h6 {[%clk 1:32:04]} 8. Bh4
{[%clk 1:31:34]} g5 {[%clk 1:32:30]} 9. Bg3 {[%clk 1:31:57]} Nxg3
{[%clk 1:29:47]} 10. hxg3 {[%clk 1:32:12]} Bg7 {[%clk 1:30:10]} 11. Nbd2
{[%clk 1:31:14]} Bf5 {[%clk 1:29:58]} 12. dxc5 {[%clk 1:31:15]} Qxc5
{[%clk 1:30:21]} 13. Nd4 {[%clk 1:31:28]} Nxd4 {[%clk 1:29:44]} 14. exd4
{[%clk 1:29:10]} Qb6 {[%clk 1:27:38]} 15. Be2 {[%clk 1:26:59]} Rc8
{[%clk 1:25:34]} 16. Nb3 {[%clk 1:25:55]} O-O {[%clk 1:25:38]} 17. O-O
{[%clk 1:23:53]} a5 {[%clk 1:25:10]} 18. Nc5 {[%clk 1:23:13]} e5 {[%clk 1:24:42]}
19. Qd2 {[%clk 1:22:11]} exd4 {[%clk 1:21:42]} 20. cxd4 {[%clk 1:21:08]} Bxd4
{[%clk 1:21:43]} 21. Qxd4 {[%clk 1:21:05]} Qxc5 {[%clk 1:22:03]} 22. Qxc5
{[%clk 1:18:46]} Rxc5 {[%clk 1:22:25]} 23. g4 {[%clk 1:18:11]} Be6
{[%clk 1:21:54]} 24. Bf3 {[%clk 1:18:14]} Rd8 {[%clk 1:16:39]} 25. Rfd1
{[%clk 1:17:46]} Rc2 {[%clk 1:14:14]} 26. b3 {[%clk 1:17:58]} b5 {[%clk 1:11:54]}
27. Rd3 {[%clk 1:17:15]} b4 {[%clk 1:06:55]} 28. a4 {[%clk 1:16:43]} Rc3
{[%clk 1:04:04]} 29. Rad1 {[%clk 1:12:05]} d4 {[%clk 1:04:05]} 30. Rxd4
{[%clk 1:10:47]} Rxd4 {[%clk 1:04:23]} 31. Rxd4 {[%clk 1:11:14]} Bxb3
{[%clk 1:04:27]} 32. Rd8+ {[%clk 1:10:10]} Kg7 {[%clk 1:04:43]} 33. Ra8
{[%clk 1:09:42]} Rc5 {[%clk 1:04:09]} 34. Kf1 {[%clk 1:08:51]} Bxa4
{[%clk 1:03:51]} 35. Ke1 {[%clk 1:06:18]} b3 {[%clk 1:02:35]} 36. Rb8
{[%clk 1:06:22]} Bb5 {[%clk 1:02:50]} 37. Be4 {[%clk 1:05:50]} a4
{[%clk 1:01:33]} 38. f3 {[%clk 1:05:35]} a3 {[%clk 1:01:55]} 39. Ra8
{[%clk 1:05:58]} a2 0-1

[Event "EUCC 2023 - U12"]
[Site "Kouty nad Desnou"]
[Date "2023.08.23"]
[Round "8.8"]
[White "Vancakova, Veronika"]
[Black "Kozdon, Marek"]
[Result "1-0"]
[BlackElo "1233"]
[WhiteElo "1576"]
[LiveChessVersion "1.4.8"]

1. d4 {[%clk 1:30:58]} Nf6 {[%clk 1:30:54]} 2. c4 {[%clk 1:31:23]} e6
{[%clk 1:31:07]} 3. Nc3 {[%clk 1:31:44]} Bb4 {[%clk 1:31:16]} 4. e3
{[%clk 1:31:58]} O-O {[%clk 1:31:24]} 5. Nge2 {[%clk 1:32:21]} b6
{[%clk 1:31:15]} 6. a3 {[%clk 1:32:42]} Bxc3+ {[%clk 1:30:14]} 7. Nxc3
{[%clk 1:33:01]} Bb7 {[%clk 1:30:07]} 8. Qc2 {[%clk 1:29:03]} d6 {[%clk 1:28:45]}
9. e4 {[%clk 1:20:03]} e5 {[%clk 1:23:58]} 10. d5 {[%clk 1:19:08]} h6
{[%clk 1:23:57]} 11. Be2 {[%clk 1:18:39]} Nbd7 {[%clk 1:22:15]} 12. Be3
{[%clk 1:13:42]} Re8 {[%clk 1:19:17]} 13. O-O {[%clk 1:12:41]} Nf8
{[%clk 1:15:06]} 14. b4 {[%clk 1:09:31]} Qe7 {[%clk 1:13:33]} 15. Rfc1
{[%clk 0:58:22]} Ng6 {[%clk 1:10:37]} 16. f3 {[%clk 0:53:53]} Nd7
{[%clk 1:04:02]} 17. Na4 {[%clk 0:46:18]} Ba6 {[%clk 0:57:54]} 18. Qd2
{[%clk 0:36:26]} Qf6 {[%clk 0:53:30]} 19. Rc3 {[%clk 0:33:07]} Nf4
{[%clk 0:51:29]} 20. Bf1 {[%clk 0:30:55]} Rac8 {[%clk 0:50:03]} 21. Rac1
{[%clk 0:29:46]} Ng6 {[%clk 0:41:16]} 22. c5 {[%clk 0:24:26]} Bxf1
{[%clk 0:35:41]} 23. Kxf1 {[%clk 0:24:37]} dxc5 {[%clk 0:31:42]} 24. bxc5
{[%clk 0:23:25]} b5 {[%clk 0:29:38]} 25. c6 {[%clk 0:15:37]} Ndf8
{[%clk 0:28:04]} 26. Nc5 {[%clk 0:15:20]} Re7 {[%clk 0:24:17]} 27. Rb1
{[%clk 0:12:51]} Qh4 {[%clk 0:18:39]} 28. Kg1 {[%clk 0:11:24]} Qh5
{[%clk 0:17:15]} 29. Rxb5 {[%clk 0:09:56]} Nh4 {[%clk 0:17:17]} 30. Bf2
{[%clk 0:05:58]} Qg5 {[%clk 0:15:09]} 31. Qxg5 {[%clk 0:06:19]} hxg5
{[%clk 0:15:38]} 32. Rb7 {[%clk 0:06:09]} Nhg6 {[%clk 0:15:08]} 33. Rcb3
{[%clk 0:05:43]} Ree8 {[%clk 0:14:29]} 34. Na6 {[%clk 0:05:43]} Red8
{[%clk 0:14:19]} 35. Rxc7 {[%clk 0:04:42]} Rxc7 {[%clk 0:14:40]} 36. Nxc7
{[%clk 0:05:10]} Ne7 {[%clk 0:14:49]} 37. Bc5 {[%clk 0:04:30]} Nfg6
{[%clk 0:14:57]} 38. Bxa7 {[%clk 0:04:17]} Kh7 {[%clk 0:14:33]} 39. Rb8
{[%clk 0:02:10]} Rd6 {[%clk 0:14:24]} 40. Bc5 {[%clk 0:02:01]} Nxc6 41. Rb6
{[%clk 0:02:18]} Rd7 {[%clk 0:13:43]} 42. Rxc6 {[%clk 0:02:42]} 1-0

[Event "EUCC 2023 - U12"]
[Site "Kouty nad Desnou"]
[Date "2023.08.23"]
[Round "8.9"]
[White "Ge, Charlene"]
[Black "Wang, Simon"]
[Result "1/2-1/2"]
[BlackElo "1517"]
[WhiteElo "1598"]
[LiveChessVersion "1.4.8"]

1. e4 {[%clk 1:30:58]} c6 {[%clk 1:30:57]} 2. d4 {[%clk 1:31:23]} d5
{[%clk 1:31:24]} 3. exd5 {[%clk 1:31:47]} cxd5 {[%clk 1:31:41]} 4. Bd3
{[%clk 1:32:09]} Nc6 {[%clk 1:32:06]} 5. c3 {[%clk 1:32:35]} Nf6 {[%clk 1:32:32]}
6. Bf4 {[%clk 1:32:57]} g6 {[%clk 1:32:58]} 7. Nf3 {[%clk 1:32:49]} Bf5
{[%clk 1:33:23]} 8. O-O {[%clk 1:32:38]} Bxd3 {[%clk 1:33:49]} 9. Qxd3
{[%clk 1:33:01]} Bg7 {[%clk 1:34:18]} 10. Nbd2 {[%clk 1:32:53]} O-O
{[%clk 1:34:40]} 11. Rfe1 {[%clk 1:31:49]} e6 {[%clk 1:34:40]} 12. Ne5
{[%clk 1:30:35]} Nxe5 {[%clk 1:34:52]} 13. dxe5 {[%clk 1:30:13]} Nd7
{[%clk 1:35:13]} 14. Qe3 {[%clk 1:27:21]} Qb6 {[%clk 1:34:41]} 15. Qxb6
{[%clk 1:21:32]} Nxb6 {[%clk 1:35:04]} 16. a4 {[%clk 1:16:25]} a5
{[%clk 1:29:22]} 17. Be3 {[%clk 1:15:34]} Nd7 {[%clk 1:28:46]} 18. Bd4
{[%clk 1:14:33]} Rfc8 {[%clk 1:25:45]} 19. Ra3 {[%clk 1:08:17]} Nc5
{[%clk 1:17:46]} 20. Bxc5 {[%clk 1:08:26]} Rxc5 {[%clk 1:15:55]} 21. g3
{[%clk 0:55:43]} b6 {[%clk 0:58:30]} 22. Raa1 {[%clk 0:43:03]} Rd8
{[%clk 0:46:41]} 23. Nf3 {[%clk 0:36:08]} Bf8 {[%clk 0:42:52]} 24. Rac1
{[%clk 0:31:24]} Rdc8 {[%clk 0:35:59]} 25. Rcd1 {[%clk 0:28:12]} Rc4
{[%clk 0:29:03]} 26. Rd4 {[%clk 0:27:32]} Rxd4 {[%clk 0:29:12]} 27. cxd4
{[%clk 0:26:27]} Bh6 {[%clk 0:27:13]} 28. Rb1 {[%clk 0:24:24]} Rc2
{[%clk 0:20:53]} 29. Kf1 {[%clk 0:22:33]} 1/2-1/2

[Event "EUCC 2023 - U12"]
[Site "Kouty nad Desnou"]
[Date "2023.08.23"]
[Round "8.10"]
[White "Prochazka, Michal"]
[Black "Novotny, Adam"]
[Result "1-0"]
[BlackElo "1117"]
[WhiteElo "1391"]
[LiveChessVersion "1.4.8"]

1. e4 {[%clk 1:30:57]} e5 {[%clk 1:30:44]} 2. Nf3 {[%clk 1:31:19]} Nc6
{[%clk 1:30:38]} 3. Bb5 {[%clk 1:31:28]} a6 {[%clk 1:29:11]} 4. Ba4
{[%clk 1:31:34]} Nf6 {[%clk 1:27:50]} 5. d4 {[%clk 1:30:30]} exd4
{[%clk 1:21:44]} 6. O-O {[%clk 1:30:20]} Bc5 {[%clk 1:16:47]} 7. e5
{[%clk 1:25:15]} Nd5 {[%clk 1:10:59]} 8. Bb3 {[%clk 1:24:06]} Nb6
{[%clk 1:08:20]} 9. Ng5 {[%clk 1:20:02]} Rf8 {[%clk 0:49:18]} 10. Qh5
{[%clk 1:01:41]} g6 {[%clk 0:44:45]} 11. Qxh7 {[%clk 1:01:32]} Qe7
{[%clk 0:41:44]} 12. Bd2 {[%clk 0:52:00]} Bb4 {[%clk 0:34:34]} 13. f4
{[%clk 0:49:51]} Bc5 {[%clk 0:30:15]} 14. Kh1 {[%clk 0:47:22]} a5
{[%clk 0:25:58]} 15. a4 {[%clk 0:29:24]} Bb4 {[%clk 0:21:11]} 16. c3
{[%clk 0:19:14]} dxc3 {[%clk 0:21:10]} 17. Nxc3 {[%clk 0:19:33]} Nd4
{[%clk 0:19:30]} 18. Ba2 {[%clk 0:18:00]} Bxc3 {[%clk 0:17:41]} 19. Bxc3
{[%clk 0:18:08]} Ne2 {[%clk 0:16:32]} 20. Bb3 {[%clk 0:15:45]} Nxc3
{[%clk 0:16:14]} 21. bxc3 {[%clk 0:16:01]} c6 {[%clk 0:14:21]} 22. Ne4
{[%clk 0:12:18]} Nd5 {[%clk 0:12:42]} 23. Nd6+ {[%clk 0:11:38]} Kd8
{[%clk 0:13:00]} 24. Bxd5 {[%clk 0:09:05]} cxd5 {[%clk 0:13:19]} 25. Rad1
{[%clk 0:08:17]} Qe6 {[%clk 0:11:00]} 26. Qg7 {[%clk 0:07:40]} Ke7
{[%clk 0:09:40]} 27. Rxd5 {[%clk 0:07:16]} b6 {[%clk 0:06:12]} 28. Rfd1
{[%clk 0:05:44]} Ba6 {[%clk 0:05:31]} 29. Nxf7 {[%clk 0:02:55]} Rxf7
{[%clk 0:03:50]} 30. Rxd7+ {[%clk 0:03:12]} Qxd7 {[%clk 0:02:17]} 31. Rxd7+
{[%clk 0:03:25]} Kxd7 {[%clk 0:02:29]} 32. Qxf7+ {[%clk 0:03:47]} 1-0